Представление документа в формате RUSMARC

ПолеНазваниеЗначение
  Тип записи a
  Библиографический уровень m
001 Контрольный номер RU/CBS_UL/BASE/720529739
005 Дата корректировки 20240209175057.7
010 Индекс ISBN __
d Цена 20 р. 00 к.
9 Тираж 500 экз.
100 Данные общей обработки __
a Данные общей обработки 20221031d2022 ||| 0rusy0189 ca
101 Язык документа 0_
a Язык текста rus
102 Страна публикации __
a Страна публикации RU
105 Кодированные данные (монография) __
a Кодированные данные (монография) y###||||000|y
181 Поле кодированных данных: вид содержания _1
a Код вида содержания (ISBD) i#
b Код характеристики содержания (ISBD) #xxe##
d i
g x
h x
i e
182 Поле кодированных данных: тип средства _1
a Код типа средства (ISBD) n
2 Код системы (источник кода, отличный от ISBD) isbdmedia
200 Заглавие и сведения об ответственности 1_
a Заглавие Золотые крылья краеведения
b Общее обозначение материала Текст
e Сведения, относящиеся к заглавию к 100-летию со дня образования Общества изучения местного края и 30-летию Союза чувашских краеведов
g Последующие сведения об ответственности сост.: Э. В. Никитина, Г. П. Соловьева, О. Н. Тимофеева
g Последующие сведения об ответственности отв. за вып. С. Л. Сорокин
w Текст (визуальный) : непосредственный
203 Вид содержания и тип средства __
a Вид содержания Текст
b Характеристика содержания визуальный
c Тип средства непосредственный
210 Выходные данные 1_
a Место издания Чебоксары
c Издательство Новое время
d Дата издания 2022
215 Физическое описание __
a Объем 275 с.
d Формат 20,5 см.
333 Примечание о целевом назначении __
a Примечание о целевом назначении 16+
606 Тематические рубрики 0_
a Основная рубрика Краеведение в Чувашии - История
610 Ключевые слова 0_
a Ключевые слова краеведение в Чувашии
a Ключевые слова история
a Ключевые слова объединения национально-культурные
a Ключевые слова краеведы чувашские
a Ключевые слова центры краеведческие
a Ключевые слова история чувашского краеведения
686 Индексы других классификаций __
a Классификационный индекс 26.89(2Рос.Чув)
2 Код системы rubbk
801 Источник записи _0
a Страна RU
b Организация МБУК ЦБС
c Дата составления 20221031
g Правила каталогизации RCR
801 Источник записи _1
a Страна RU
b Организация МБУК ЦБС г. Ульяновска
c Дата составления 20221031
g Правила каталогизации RCR
899 Данные о местонахождении __
i Авторский знак З-80
j Расстановочный фильтр 26.89(2Рос)
900 Электронные ресурсы __
a Имя электронного ресурса золотые крылья
901 Тип документа __
t Тип документа m
910 Корректоры записи __
a Корректор записи Тихонова